| 000 | 00609nam a2200181 a 4500 | ||
|---|---|---|---|
| 005 | 20210219160536.0 | ||
| 008 | 081110s1962 mx r 000 0 spa d | ||
| 035 | _aUPN01000167529 | ||
| 049 | _aUNE | ||
| 080 | _aOC 002.6: 37.001.5 (4)=40 MAJ No.44. | ||
| 100 | 1 | _aMajault, Joseph | |
| 245 | 1 | 0 |
_aCentres de documentation pédagogique en Europe Occidentale : _betudé comparée / _cpar Joseph Majault. |
| 260 |
_aParís : _bUNESCO, _c1962. |
||
| 300 | _a64 p. | ||
| 440 | 0 |
_aÉtudes et documents d'éducation ; _v44 |
|
| 690 | _aEducación - Sistemas de informacion - Europa Occidental | ||
| 905 | _aUNESCO | ||
| 999 |
_c139640 _d139640 |
||